000 00712nam a2200217Ia 4500
003 IN-BaIIA
008 211028s9999 xx 000 0 eng d
020 _a90-277-0988-2
040 _cIIA Library
080 _a082.2:52
_bIAU-S83
245 0 _aMass loss and evolution of O-type stars
_cedited by P. S. Conti and C. H. W. De Loore
260 _aDordrecht
_bD. Reidel Publishing
_c1979
300 _axix, 501p.
650 _aAstronomy and Astrophysics Thesaurus
650 _aEarly typestars
_911255
650 _aMass Loss
_93547
650 _aO-Stars
_911256
700 _aConti, P. S., ed.
_911257
700 _aDe Loore, C. H. W., ed.
_911258
942 _cBK
999 _c6574
_d6574